000 03685nam a2200349Ia 4500
003 OSt
005 20210204162003.0
008 191128s2009 ag fr 001 0 spa d
020 _a9789505577989
040 _aCO-JMCR
_cCO-JMCR
041 1 _aspa
_heng
082 0 4 _a320 /
_bP193p
_221
100 1 _aPanizza, Francisco,
_ecompilador
_91730
245 1 3 _aEl populismo como espejo de la democracia /
_cCompilador Francisco Panizza ; Benjamín Arditi, Sebastián Barros, Glenn Bowman [y otros 7]
250 _aPrimera edición
260 _aArgentina :
_bFondo de Cultura Económica,
_c2009
300 _a431 páginas ;
_c21 cm.
490 0 _aSociología
500 _aIncluye índice de nombres y conceptos y notas a pie de página.
500 _aTítulo original: Populism and the mirror of democracy
504 _aBibliografía: páginas 383-414
505 0 _aPopulismo ¿qué nos dice el nombre? -- El "fin de la política" y el desafío del populismo de derecha -- El populismo como periferia interna de la política democrática -- Conservadurismo skinhead : un proyecto populista fallido -- Violencia constitutiva e imaginario nacionalista: la construcción del "pueblo" en Palestina y la "ex Yugoslavia" -- De la violencia fundacional a la hegemonía política: el populismo conservador de George Wallace -- Populismo y la nueva derecha en el Canadá inglés -- ¿Populismo o democracia popular? El Frente Democrático Unido, el operaísmo y la lucha por la democracia radical en Sudáfrica -- Religión y populismo en la Grecia contemporánea -- Las continuidades discursivas de ka ruptura menemista
520 3 _aEl populismo es un concepto controvertido y los acuerdos acerca de qué significa y quién califica como populista resultan difíciles. Sin embargo, es posible identificar un núcleo analítico en torno al cual hay consenso académico y que brinda la base para un rico análisis tanto teórico como empírico. Los trabajos reunidos en este volumen, realizados por reconocidos especialistas en la materia, analizan diversas facetas del populismo: su núcleo analítico como modo de identificación, proceso de nominación y dimensión de la política; las condiciones de su emergencia; y las relaciones entre política, populismo y democracia. Junto con los ensayos teóricos hay otros que analizan experiencias populistas particulares: la complicada y violenta construcción del "pueblo" en Palestina y la ex Yugoslavia; el papel del populismo en las luchas por la democracia radical en la Sudáfrica postapartheid; la transición hacia el menemismo en la Argentina, entre otras. El populismo como espejo de la democracia arroja nueva luz sobre el resurgimiento del populismo en esta era de la globalización y en particular acerca de las tensiones entre populismo y democracia. Así, sostiene Francisco Panizza en su introducción: "Al platear preguntas incomodas sobre las formas modernas de la democracia, y a menudo representando la cara fea del pueblo, el populismo no es ni la forma más elevada de democracia ni su enemigo, sino más bien un espejo en el cual la democracia se puede contemplar a sí misma y de lo que le falta". El presente volumen permite ampliar y profundiza nuestro conocimiento sobre el populismo y constituye una lectura imprescindible para los análisis de la política contemporánea.
546 _aTraducido del inglés
650 1 4 _aCiencia política
_9811
650 1 4 _aPopulismo
_91731
650 1 4 _aDesarrollo participativo
_xdemocracia
_91732
700 1 _aArditi, Benjamín,
_eautor
_91733
700 1 _aBarros, Sebastián,
_eautor
_91734
700 1 _aBowman, Glenn,
_eautor
_91735
942 _2ddc
_cBK
999 _c5093
_d5093